Control del exceso de liquidez en El Salvador
Estudia los efectos de la liquidez monetaria sobre la actividad económica en El Salvador. Enfoca las relaciones entre ingreso, consumo y ahorro para obtener el ahorro financiero, ahondando en el concepto y clasificación de la líquidez con énfasis en la monetaria. Examina los principales factores de...
Na minha lista:
| Autor principal: | |
|---|---|
| Formato: | Texto |
| Publicado em: |
San Salvador:
Banco Central de Reserva de El Salvador
|
| Assuntos: | |
| Tags: |
Adicionar Tag
Sem tags, seja o primeiro a adicionar uma tag!
|
MARC
| LEADER | 00000 a a2200000 04500 | ||
|---|---|---|---|
| 001 | 19951 | ||
| 003 | |||
| 040 | |||
| 090 | |a 081200 | ||
| 100 | |a Hurtarte, Víctor Hugo | ||
| 245 | |a Control del exceso de liquidez en El Salvador | ||
| 260 | |a San Salvador: |b Banco Central de Reserva de El Salvador | ||
| 300 | |a 47 p. | ||
| 520 | |a Estudia los efectos de la liquidez monetaria sobre la actividad económica en El Salvador. Enfoca las relaciones entre ingreso, consumo y ahorro para obtener el ahorro financiero, ahondando en el concepto y clasificación de la líquidez con énfasis en la monetaria. Examina los principales factores de expansión y contracción monetarias, observa su comportamiento en el periodo 1973-1976 y hace una estimación para 1977. Analiza las consecuencias del exceso de líquidez para la actividad económica actual y futura. Describe las medidas adoptadas por la autoridad monetaria y sus efectos previsibles a corto plazo. Cuadros Estadísticos./ACM | ||
| 650 | |a POLITICA MONETARIA | ||
| 650 | |a INFLACION | ||
| 650 | |a CUADROS ESTADISTICOS | ||
| 999 | |c 7584 |d 7584 | ||
